|
|
|
|
| LEADER |
00000nas a2200000 a 4500 |
| 001 |
ssj0001476726 |
| 003 |
WaSeSS |
| 005 |
20200512172242.0 |
| 006 |
m d |
| 007 |
cr n |
| 008 |
091015c20089999nyuqr p s | a0eng |
| 010 |
|
|
|a 2009202953
|
| 022 |
|
|
|l 1948-5972
|y 1948-5972
|
| 035 |
|
|
|a (WaSeSS)ssj0001476726
|
| 037 |
|
|
|b Nova Science Publishers, Inc. 400 Oser Ave., Suite 1600, Hauppauge, NY 11788-3619
|
| 040 |
|
|
|a DLC
|b eng
|c DLC
|d DLC
|d OCLCQ
|d OCLCF
|d OCLCO
|d AU@
|d CUS
|d WaSeSS
|
| 042 |
|
|
|a pcc
|a nsdp
|
| 050 |
0 |
0 |
|a QA299.3
|b .I85
|
| 082 |
1 |
0 |
|a 515
|2 14
|
| 210 |
0 |
|
|a Integr.
|b (Hauppauge, N.Y.)
|
| 222 |
|
0 |
|a Integration
|b (Hauppauge, N.Y.)
|
| 245 |
0 |
0 |
|a Integration
|h [electronic resource] :
|b mathematical theory and applications.
|
| 260 |
|
|
|a Hauppauge, NY :
|b Nova Science Publishers
|
| 310 |
|
|
|a Quarterly
|
| 362 |
1 |
|
|a Began with vol. 1, no. 1 (2008).
|
| 506 |
|
|
|a License restrictions may limit access.
|
| 588 |
|
|
|a Description based on first issue; title from title page.
|
| 650 |
|
0 |
|a Numerical integration
|v Periodicals.
|
| 650 |
|
0 |
|a Feynman integrals
|v Periodicals.
|
| 650 |
|
7 |
|a Feynman integrals.
|2 fast
|0 (OCoLC)fst00923542
|
| 650 |
|
7 |
|a Numerical integration.
|2 fast
|0 (OCoLC)fst01041299
|
| 655 |
|
0 |
|a Electronic journals.
|
| 850 |
|
|
|a DLC
|
| 856 |
4 |
0 |
|z Full text available from Research Library: 04/01/2011 to 10/31/2012
|u https://search.proquest.com/publication/2034875
|